000 00295nam a2200121Ia 4500
005 20251222154350.0
008 251222s9999||||xx |||||||||||||| ||spa||
082 _a840.9/E76
100 _a"Escarpit, Robert G."
245 0 _aHistoria de la literatura francesa
250 _a4a.ed.
942 _cLIB
999 _c34885
_d34885